| 000 | 00622nam a2200205 i 4500 | ||
|---|---|---|---|
| 001 | 41152 | ||
| 003 | ES-MaACL | ||
| 005 | 20231218195839.0 | ||
| 007 | t| | ||
| 008 | 030310s1945 sp ||||1| spa d | ||
| 100 | 1 |
_aCarabias, Josefina, _d1908-1980 _934924 |
|
| 245 | 1 | 0 |
_a1878 / _cJosefina Carabias. |
| 260 |
_aMadrid : _bRevista de Occidente, _c1945 ( _fImp. Viuda de Galo Sáez) |
||
| 300 |
_a250 p., 8 lám. ; _c20 cm. |
||
| 490 | 1 | _aVidas de años | |
| 651 | 0 |
_aEspaña- _xHistoria- _y1874-1885, Alfonso XII. _98265 |
|
| 830 | 1 |
_aVidas de años _9226535 |
|
| 852 |
_aES-MaACL _jF-16336 |
||
| 999 |
_c41152 _d41152 |
||